Balzac y la pequeña costurera china = Xiao cai feng /

Furkejuvvon:
Bibliográfalaš dieđut
Váldodahkki: Dai, Sijie (realización)
Eará dahkkit: Dai, Sijie (guión) (guión), Perront, Nadine (guión) (guión), Dreujou, Jean-Marie (fotógrafo) (fotógrafo), Barnier, Luc (montaje) (montaje), Gregory, Julia (montaje) (montaje), Pujian, Wang (música) (música), Xun, Zhou (actuación) (actuación), Kun, Chen (actuación) (actuación), Ye, Liu (actuación) (actuación)
Materiálatiipa: Dia
Giella:kiinnágiella
Fáttát:
Fáddágilkorat: Lasit fáddágilkoriid
Eai fáddágilkorat, Lasit vuosttaš fáddágilkora!

MARC

LEADER 00000ngm^a2200000^a^4500
001 000300703
005 20250521000000.0
009 20260310112521.383
037 |a Acervo ITESO - Biblioteca 
041 |a CHI 
082 |a 895. 1  |b DAI 
100 |a Dai, Sijie  |e (realización) 
240 1 1 |a [Balzac y la joven costurera china] 
240 1 1 |a [Balzac y la joven costurera china. Adaptaciones] 
240 1 1 |a [Balzac y la pequeña costurera] 
245 1 0 |a Balzac y la pequeña costurera china =  |b Xiao cai feng /  |c Realización de S. Dai. 
246 2 |a Título en México: Balzac y la pequeña costurera 
246 2 |a Título alternativo en español (Argentina y España): Balzac y la joven costurera china 
246 2 |a Título alternativo en español (España): Balzac y la pequeña costurera china 
264 2 |a Barcelona, España :  |b Planeta [distribución],  |c fecha no identificada 
300 |a 1 DVD región 2 PAL (106 min.) :  |b color 
336 |a imagen móvil bidimensional  |b tdi  |2 rdacontenido 
337 |a video  |b v  |2 rdamedio 
338 |a videodisco  |b vd  |2 rdasoporte 
500 |a Basado en: Balzac y la joven costurera china, de Sijie Dai 
546 |a En mandarín, con subtítulos opcionales: español 
546 |a Doblaje opcional: español 
585 |a Exposición DIA 2022-04/05 / De paseo con los libros por la ruta del placer 
586 |a Premio Globo de Oro, de la Asociación de la Prensa Extranjera de Hollywood (60°: 2002): Mejor Película en Lengua No Inglesa (finalista) 
649 |a XX 
650 |a Escritores Chinos -  |x Memorias -  |x Adaptaciones para Cine 
650 |a Dramas Cinematográficos 
650 |a Cine Chino -  |y 2000-2009 
650 |a Cine Chino -  |y Siglo XXI 
650 |a Novela China -  |x Adaptaciones para Cine 
650 |a Literatura China -  |y Siglo XXI -  |x Adaptaciones para Cine 
650 |a Literatura y Política -  |z China -  |x Historia y Crítica 
650 |a Literatura y Cine 
650 |a Educación Sentimental 
650 |a Amistad 
650 |a Libros Condenados y/o Prohibidos -  |z China -  |x Historia -  |y 1949-1976 
650 |a Arte y Política -  |z China -  |x Historia y Crítica 
650 |a Censura -  |z China -  |x Historia -  |y 1949-1976 
650 |a Rehabilitación -  |z China -  |x Historia -  |y 1949-1976 
650 |a Zonas Rurales en el Cine 
650 |a Zonas Rurales -  |z China -  |x Historia -  |y 1949-1976 
650 |a Revolución Cultural (China) -  |x Tema Principal 
650 |a Maoísmo -  |z China -  |x Historia 
650 |a Política -  |z China -  |x Historia -  |y 1949-1976 
650 |a Política -  |z China -  |x Historia -  |y Período de la República Popular, 1949 en Adelante 
650 |a Política -  |z China -  |x Historia -  |y Siglo XX 
650 |a Balzac, Honoré de 
650 |a Dai, Sijie 
700 |a Dai, Sijie  |e (guión) 
700 |a Perront, Nadine  |e (guión) 
700 |a Dreujou, Jean-Marie  |e (fotógrafo) 
700 |a Barnier, Luc  |e (montaje) 
700 |a Gregory, Julia  |e (montaje) 
700 |a Pujian, Wang  |e (música) 
700 |a Xun, Zhou  |e (actuación) 
700 |a Kun, Chen  |e (actuación) 
700 |a Ye, Liu  |e (actuación) 
910 |a Fondo General 
920 |a Audiovisuales - DVDs 
940 |a Películas 
905 |a 308 
901 |a 0500097237  |b IT2  |c DVR  |i C119446  |u 20250521 
902 |a https://opac.biblio.iteso.mx/vufind/Record/000300703